Voc allemand - Vêtements - Statistiques

Statistiques générales
  • Ce quiz a été pris 33 fois
  • Le résultat moyen est 28 sur 75
Statistiques - réponses
Hint Réponse % Correct
Die Jeans Le jean
96%
Das T-Shirt, -s Le t-shirt
92%
Die Jacke, -n La veste / le veston
88%
Das Hemd, -en La chemise
85%
Der Mantel, ¨ Le manteau
85%
Das Kleid, -er La robe
81%
Die Hose, -n Le pantalon
81%
Der Pullover Le pull
81%
Die Socke, -n La chaussette
77%
Der Schuh, -e La chaussure
77%
Die Krawatte, -n La cravate
73%
Der Rock, ¨-e La jupe
73%
Der Slips, -s le slip
73%
Der Hut, ¨-e Le chapeau
69%
Der Handschuh, -e Le gant
69%
Der Ring, -e La bague
62%
Die Waschmaschine, -n Laver
62%
Waschen laver
62%
Die Unterwäsche Les sous-vêtements
62%
Der Kragen Le col
54%
Anhaben / tragen Porter
54%
Das Armband, ¨-er Le bracelet
50%
Das Gold L'or
46%
Das Silber L'argent
42%
Die Handtasche, -n Le sac à main
42%
(Sich) ausziehen Enlever / se déshabiller
38%
Die Unterhose, -n Le caleçon
38%
Die Kleidung Les vêtements
38%
Sauber / rein Propre
38%
Schmutzig Sale
38%
Der Gürtel La ceinture
35%
Die Wolle La laine
35%
Anprobieren Essayer
31%
Das Waschpulver La lessive
31%
Der Schmuck Le bijou
31%
Der Schal, -s L'écharpe
31%
Die Bluse, -n Le chemisier
31%
Der Anzug, ¨-e Le costume
31%
Das Leder Le cuir
31%
(S)chick Chic
27%
Die Baumwolle Le coton
27%
Das Unterhemd, -en le maillot
27%
Das Loch, ¨- er Le trou
27%
Trocknen Sécher
27%
Hübsch Joli
23%
Der Stiefel La botte
23%
Die Mütze, -n La casquette
23%
Der Ärmel La manche
23%
Die Tasche, -n La poche
23%
Der Knopf, ¨-e Le bouton
23%
Das Bügeleisen Le fer à repasser
23%
Nackt Nu
23%
Nähen Coudre
19%
Die Nähmaschine, -n La machine à coudre
19%
Der Edelstein, -e La pierre précieuse
19%
Der Strumpf, ¨-e Le bas
19%
Der Unterrock, ¨-e Le jupon
19%
Der Juwelier, -e Le bijoutier
15%
Der Schuhmacher Le cordonnier
15%
Die Schere, -n Les ciseaux
15%
Anziehen Mettre
15%
Die Kette, -n La chaîne
12%
Der Fleck, -en La tâche
12%
Die Wäsche Le linge
12%
Der Trend, -s Le tendance
12%
(Sich) umziehen Se changer
12%
Eng Etroit
8%
Die Reningung, -en Le nettoyage
8%
Reinigen Nettoyer
8%
Spülen Rincer
8%
Passen Aller bien
4%
Die Bürste, -n La brosse
4%
Die Nadel, -n L'aiguille
4%
Die Garderobe, -n Le vestiaire
4%
Der Stoff, -e L'étoffe
0%
Aucun quiz correspondant
Distribution des résultats
% des personnes avec chaque résultat
Percentile par nombre de réponses
Votre historique - résultats
Vous n’avez pas pris ce quiz